000 00329 a2200145 4500
001 168030
020 _a
040 _cMagnum
100 _aBoneti, Lindomar Wessler (Coord.)
240 1 0 _aEducacao, exclusao e cidadania
_lpor
245 1 0 _aEducacao, exclusao e cidadania
362 0 _a1899
697 _aENSINO
942 _cBK
999 _c168030
_d168030